00870nam a2200205 a 4500001001900000003000400019005001700023008004100040020001800081040001800099041001300117082001900130110004900149245027000198260005300468300004700521536004600568650002600614650002400640991002709349707486OSt20240827173945.0171018s2016 ck a gr 000 0 spa d a9789585975804 bspa cCO-JMCR1 aspaaeng04a759.98bG15p6 2 aGalería Casas Riegner (Bogotá, Colombia)10aPlanas: dibujos de José Antonio Suárez Londoño: del primero a treinta y uno de diciembre del año 2005 :bThe drawings of José Antonio Suárez Londoño: from january 1st to december 31st 2005 / cGalería Casas Riegner, Bogotá, May 26 - Jul 9 de 2016. a[Bogotá] : bGalería Casas Riegner, c[2016] a269 páginas : bilustraciones ; c34 cm. aTexto bilingüe en español e inglés.1 aPintores colombianos.2 aPintura colombiana.